00726nam a2200217 a 4500001000400000003000900004008004100013040002800054082002100082100002600103245002600129260003100155300001500186490002400201500002800225590007500253650003100328942001200359999001700371952012000388536CO-ViMGA141112s2004 ck r 000 u spa d aCO-ViMGAbspacCO-ViMGA04aBr863.44 bB648c1 aBojunga, Lygia91030110aLa casa de la madrina aBogotá : bNorma, c1997 a208 p : il aTorre de papel azul aA partir de 9 años.  aForma de adquisición : compra proyecto 2005 1ej. - - Precio : 16.11014aCUENTOS BRASILEÑOS97665 2ddccBK c12777d12777 01102ddc44708008aMEVIECARbMEVIECARd2017-08-01l0oBr863.44 B648cp07327r2017-08-01 00:00:00w2017-08-01yBK